Fichas técnicas de plaguicidas a prohibir o restringir. Incluidos en el acuerdo # 9 de la XVI. Reunión del Sector de Centroamérica y Republica Dominicana (RESSCAD)
| Main Author: | |
|---|---|
| Format: | Section = Libro |
| Language: | Undetermined Spanish |
| Published: |
San José, Costa Rica
OPS/OMS
2001
|
| Subjects: |
| LEADER | 00685nam a2200193Ia 4500 | ||
|---|---|---|---|
| 008 | 240829s9999 xx 000 0 und d | ||
| 040 | |a BIBLIOTECA-RUSB/ Ref 668.65 N677 | ||
| 041 | |a spa | ||
| 082 | |a Ref 668.65 N677 | ||
| 100 | 1 | |a Nieto Z., Oscar | |
| 245 | 1 | 0 | |a Fichas técnicas de plaguicidas a prohibir o restringir. Incluidos en el acuerdo # 9 de la XVI. Reunión del Sector de Centroamérica y Republica Dominicana (RESSCAD) |
| 260 | |a San José, Costa Rica |b OPS/OMS |c 2001 | ||
| 300 | |a 266 p. :il. | ||
| 650 | 7 | |a PLAGUICIDAS - FICHAS TECNICAS | |
| 650 | 7 | |b PLAGUICIDAS - INTOXICACIONES | |
| 650 | 7 | |c PLAGUICIDAS ASPECTOS LEGALES | |
| 942 | |c BK |2 ddc | ||
| 991 | |a TEXTO | ||
| 999 | |c 6251 | ||